000 01026nam a2200265 i 4500
001 186841
003 SpMaBN
005 20250829050652.0
008 170221s2011 sp |||| | spa d
020 _a978-84-9920-119-1
080 _a82"19"
080 _a130.2"19"
100 1 _aPuig, Valentí.
_994246
245 1 0 _aLo que va de siglo /
_cValentí Puig ; [prólogo de Ignacio Peyró Jiménez y José Bernardo San Juan].
260 _aMadrid :
_bCentro Universitario Villanueva :
_bEncuentro,
_c[2011]
300 _a44 p. ;
_c21 cm.
490 1 _aCuadernos de frontera ;
_v17
594 _aRecoge, ampliada, la conferencia de inauguración del curso en el Centro Universitario Villanueva, dictada por el autor, en sept. de 2011.
650 0 7 _aPostmodernismo (Literatura)
_2embne
_9161847
650 0 7 _aPostmodernismo
_2embne
_916329
710 2 _aCentro Universitario Villanueva.
_9161845
830 0 _aCuadernos de frontera ;
_v17
_9192625
852 _aES-MaACL
_j2335-F-11
999 _c186841
_d186841